000 00915ngm a2200217 i 4500
001 C2-0338488
003 PPAK
005 20180727222608.0
008 161107s2016 cau|||| ||||| | vleng d
040 _aPPAK
_beng
_cPPAK
_erda
245 1 0 _aJustice league, gotham city breakout
264 1 _aCalifornia ; Ampang Selangor :
_bWarner Home Video; [Distributed in Malaysia by Alliance Entertainment (M) Sdn. Bhd.] ,
_c2016
336 _2rdacontent
_atext
337 _2rdamedia
_aunmediated
338 _2rdacarrier
_avolume
500 _aSummary : Batman faces his greatest challenge yet: vacation! The caped crusader reluctantly agrees to let Batgirl and Nightwing take him on a long overdue vacation from crimefighting, while Superman and the Justice League watch over Gotham
700 _eauthor
700 1 _aPeters, Matt ; Zwyer, Mel,
_ecompile
700 1 _aPaulsen, Craig,
_eeditor
942 _2ddc
_cDVD
999 _c167887
_d167887